00691nam a2200193Ia 4500008004100000020001500041020001800056041000800074050002400082100002600106245011700132260009200249300002200341650003600363650002600399650002700425700002100452700002400473200731s9999 xx 000 0 und d a1579720021 a9781579720025 aeng aBS580.D3b.S95 1997 aSwindoll, Charles R.  aDavid:ba man of passion & destiny : Bible study guide /cCharles R. Swindoll, Bryce Klabunde, Bryce A. Klabunde aAnaheim, CA :bInsight for Living [publisher] ; Dallas : Word Pub. [distributor],c1997 a208 p.b;c22 cm. aBible. Old Testament Biography. aBible. Old Testament. aDavid, King of Israel. aKlabunde, Bryce  aKlabunde, Bryce A.